000 00403 a2200169 4500
001 188314
020 _a85-249-0994-3
040 _cMagnum
100 _aProminska, Elzbieta
240 1 0 _aAs aventuras de paulina no nilo
_lpor
245 1 0 _aAs aventuras de paulina no nilo
300 _a96
362 0 _a2004
440 1 _aCortez
697 _aLITERATURA INFANTO-JUVENIL ESTRANGEIRA
942 _cBK
999 _c188314
_d188314